000 00310nam a22001457a 4500
008 230127b ||||| |||| 00| 0 eng d
020 _a5311559
041 _aeng
080 _2VOLUME 9
_a573
082 _a573SMI
100 _a16
101 _aBIO
245 _aVIRUS RESEARCH
_cSMITH M K
942 _2udc
_cBK
999 _c59291
_d59291